| 000 | 00430nam a22001577a 4500 | ||
|---|---|---|---|
| 082 |
_a510 _bZIT _cDonated |
||
| 100 |
_aZiterelli, David E. _938963 |
||
| 245 | _aFinite Mathematics with Applications | ||
| 250 | _a2nd | ||
| 260 |
_aUSA _bSaunders College Publishing _c1992 |
||
| 300 | _axiii, 557.p | ||
| 526 |
_a0 _b0 _c0 _d510_000000000000000_ZIT |
||
| 650 |
_aMCE _9379 |
||
| 700 |
_aDavid E. Zitarelli _938964 |
||
| 942 |
_2ddc _cBK |
||
| 999 |
_c543563 _d543563 |
||